| Поле | Инд. | ПП | Название | Значение |
|---|---|---|---|---|
| Тип записи | a | |||
| Библиографический уровень | b | |||
| 001 | Контрольный номер | RU/IS/BASE/288983159 | ||
| 005 | Дата корректировки | 20200630193157.2 | ||
| 008 | Кодируемые данные | 20090226 | ||
| 040 | b | Код языка каталог. | rus | |
| e | Правила каталог. | PSBO | ||
| 041 | 0_ | a | Код языка текста | rus |
| 084 | a | Индекс другой классификации/Индекс ББК | 60.561.51; 60.73(2Рос) | |
| 100 | 1_ | a | Автор | Кузьменко Т. В. |
| q | Полное имя | Кузьменко Татьяна Владимировна | ||
| 245 | 10 | a | Заглавие | Прогноз семейно-демографической ситуации в России |
| 650 | 14 | a | Основная рубрика | демография |
| a | Основная рубрика | народонаселение | ||
| a | Основная рубрика | социология | ||
| a | Основная рубрика | социология семьи | ||
| 653 | a | Ключевые слова | демографическая ситуация | |
| a | Ключевые слова | демографические процессы | ||
| a | Ключевые слова | Россия | ||
| a | Ключевые слова | численность населения | ||
| 773 | 08 | t | Заглавие источника | Вестник Московского университета. Серия 18, Социология и политология |
| d | Дата издания источника | 2008 | ||
| g | Прочая информация | № 2. - С. 133 - 145 : табл. | ||
| w | Контрольный № источника | RU/IS/BASE/286474427 | ||
| 901 | t | Тип документа | b |